Statistics for Balkan Countries

Click here to take the quiz!

General Stats

  • This quiz has been taken 35 times
  • The average score is 10 of 11

Answer Stats

Answer% Correct
Croatia
97%
Serbia
97%
Slovenia
97%
Bosnia and Herzegovina
94%
Kosovo
94%
North Macedonia
94%
Albania
91%
Bulgaria
91%
Montenegro
91%
Greece
82%
Turkey
76%

Score Distribution

Percentile by Number Answered

Percent of People with Each Score

Your Score History

You have not taken this quiz